000 00578cam a2200205 a 4500
001 000018462
005 20200929165818.0
008 951005s1996 nyu 000 1 eng
020 _a0425155943
040 _aDO-SdBNP
_cDLC
_dDLC
_dBNPHU
082 _a813.54
_bC771c
100 1 _aCook, Robin,
_d1940-
_911565
245 1 0 _aContagion /
_cRobin Cook.
260 _aNew York :
_bBerkley,
_c1996.
300 _a480 p. ;
_c24 cm.
650 4 _aNovela estadounidense
_9262
650 4 _aLiteratura estadounidense
_9263
910 _aCatalogación por derivada / LC
049 _aBNGR
999 _c17982
_d17982